Match female singers with their hits: '60s and '70s - Statistics

General Stats
  • This quiz has been taken 231 times
  • The average score is 14 of 20
Answer Stats
Hint Answer % Correct
"Respect" Aretha Franklin
98%
"Jolene" Dolly Parton
97%
"You're so Vain" Carly Simon
85%
"Hot Stuff" Donna Summer
85%
"Son of a Preacher Man" Dusty Springfield
84%
"Me and Bobby McGee" Janis Joplin
83%
"Rhiannon" Stevie Nicks
80%
"Gypsies, Tramps, and Thieves" Cher
78%
"Killing Me Softly With His Song" Roberta Flack
76%
"Ain't No Mountain High Enough" Diana Ross
74%
"Close to You" Karen Carpenter
71%
"Big Yellow Taxi" Joni Mitchell
70%
"White Rabbit" Grace Slick
62%
"Too Late" Carole King
59%
"People" Barbara Streisand
52%
"When Will I be Loved?" Linda Ronstadt
52%
"Magic Man" Ann Wilson
50%
"Mississippi Goddam" Nina Simone
43%
"Happiest Girl in the Whole USA" Donna Fargo
37%
"Gloria" Patti Smith
35%
No matching quizzes found
Score Distribution
Percent of People with Each Score
Percentile by Number Answered
Your Score History
You have not taken this quiz